| 000 | 01600cad a22002295a 4500 | ||
|---|---|---|---|
| 001 | L149404 | ||
| 008 | 100303s2010 xxkad f s 000 0 eng d | ||
| 035 | _a(Sirsi) u149404 | ||
| 041 | 0 | _aeng | |
| 050 | 0 | 4 | _a333.33 $2 18 |
| 110 | 2 |
_aCushman and Wakefield _9244 |
|
| 245 | 0 | 0 |
_aOffice space across the world _b2010 _h[electronic resource] |
| 260 |
_aLondon _bCushman and Wakefield _c2010 |
||
| 490 | 0 |
_aOffice Space Across the World _v2010 |
|
| 520 | _aOffice demand fell steeply across the world in 2009 with prime rents in decline in every region. A more positive outlook for 2010 sees some major economies returning to growth, demand for office space from corporates likely to increase again and rental growth already being recorded in some leading office markets such as the City of London and Oslo Central Business District. Tokyo has become the world?s most expensive office location followed by London?s West End. Provides overviews of each world region and country summaries, lists the most expensive location in each country and global location ranking. | ||
| 590 | _aKA NTK | ||
| 650 | 2 | 4 | _aCUSHMAN AND WAKEFIELD OFFICE SPACE ACROSS THE WORLD |
| 651 | 4 | _aInternational | |
| 690 | _aPROPERTY-COMMERCIAL PROPERTY-OFFICE PROPERTY-OFFICE PROPERTY MARKET | ||
| 856 | 4 | 0 |
_uhttps://www.cushwake.com/cwglobal/docviewer/Office-Space-Around-The-World-2010.pdf?id=c32800008p&repositoryKey=CoreRepository&itemDesc=document&cid=c27900002p&crep=Core&cdesc=binaryPubContent&Country=GLOBAL&Language=EN _zView this report free of charge after registration at www.cushmanwakefield.com... |
| 942 | _n0 | ||
| 999 |
_c110487 _d110487 |
||